Thermal environmental engineering (Record no. 13003)

000 -LEADER
fixed length control field 00498nam a2200193 4500
001 - CONTROL NUMBER
control field 13003
003 - CONTROL NUMBER IDENTIFIER
control field BD-DhUET
008 - FIXED-LENGTH DATA ELEMENTS--GENERAL INFORMATION
fixed length control field 700513s1970 njuad b 001 0 eng
020 ## - INTERNATIONAL STANDARD BOOK NUMBER
International Standard Book Number 139147217
040 ## - CATALOGING SOURCE
Original cataloging agency DLC
Transcribing agency DLC
Modifying agency BD-DhUET
082 ## - DEWEY DECIMAL CLASSIFICATION NUMBER
Classification number 697.93
Item number THR/1970
100 1# - MAIN ENTRY--PERSONAL NAME
Personal name Threlkeld, James L.
245 10 - TITLE STATEMENT
Title Thermal environmental engineering
250 ## - EDITION STATEMENT
Edition statement 2nd ed.
260 ## - PUBLICATION, DISTRIBUTION, ETC. (IMPRINT)
Place of publication, distribution, etc. New Jersey
Name of publisher, distributor, etc. Prentice-Hall
Date of publication, distribution, etc. 1970
300 ## - PHYSICAL DESCRIPTION
Extent xvi, 495 p.
Other physical details illus.
Dimensions 25 cm.
650 #0 - SUBJECT ADDED ENTRY--TOPICAL TERM
Topical term or geographic name as entry element Air Conditioning
942 ## - ADDED ENTRY ELEMENTS (KOHA)
Koha item type General Book
Holdings
Koha full call number Lost status Damaged status Sublocation or collection (holding branch) Price effective from Koha date last seen Koha item type Date acquired Shelving location Source of classification or shelving scheme Not for loan Copy number Piece designation (barcode) Koha normalized classification for sorting Withdrawn status Location (home branch)
697.93/THR/1970  Central Library, BUET2015-02-282015-02-28General Book2015-02-28Circulation section  147970697_930000000000000_THR_1970 Central Library, BUET
697.93/THR/1970  Central Library, BUET2015-02-282015-02-28General Book2015-02-28Circulation section  255662697_930000000000000_THR_1970 Central Library, BUET
697.93/THR/1970  Central Library, BUET2015-05-172015-05-17General Book2015-05-17Circulation section  317689697_930000000000000_THR_1970 Central Library, BUET
697.93/THR/1970  Central Library, BUET2015-05-172015-05-17General Book2015-05-17Circulation section  417690697_930000000000000_THR_1970 Central Library, BUET
697.93/THR/1970  Central Library, BUET2015-05-172015-05-17General Book2015-05-17Circulation section  517691697_930000000000000_THR_1970 Central Library, BUET
697.93/THR/1970  Central Library, BUET2015-05-172015-05-17General Book2015-05-17Circulation section  617692697_930000000000000_THR_1970 Central Library, BUET
697.93/THR/1970  Central Library, BUET2015-05-172015-05-17General Book2015-05-17Circulation section  717693697_930000000000000_THR_1970 Central Library, BUET
697.93/THR/1970  Central Library, BUET2015-05-172015-05-17General Book2015-05-17Circulation section  819442697_930000000000000_THR_1970 Central Library, BUET
697.93/THR/1970  Central Library, BUET2015-05-172015-05-17General Book2015-05-17Circulation section  925333697_930000000000000_THR_1970 Central Library, BUET
697.93/THR/1970  Central Library, BUET2015-05-172015-05-17General Book2015-05-17Circulation section  1025334697_930000000000000_THR_1970 Central Library, BUET